A long, hard road ahead (Record no. 113234)

MARC details
000 -LEADER
fixed length control field 01587cad a22002415a 4500
001 - CONTROL NUMBER
control field L154918
008 - FIXED-LENGTH DATA ELEMENTS--GENERAL INFORMATION
fixed length control field 120201s2010 xxk f 000 0 eng d
035 ## - SYSTEM CONTROL NUMBER
System control number (Sirsi) u154918
041 0# - LANGUAGE CODE
Language code of text/sound track or separate title eng
110 2# - MAIN ENTRY--CORPORATE NAME
Corporate name or jurisdiction name as entry element Grant Thornton
9 (RLIN) 3043
245 02 - TITLE STATEMENT
Title A long, hard road ahead
Remainder of title business model change in the UK property and construction sector
Medium [electronic resource]
260 ## - PUBLICATION, DISTRIBUTION, ETC.
Place of publication, distribution, etc. London
Name of publisher, distributor, etc. Grant Thornton
Date of publication, distribution, etc. 2010
505 2# - FORMATTED CONTENTS NOTE
Formatted contents note Do existing business models still deliver the goods? -- Introduction -- Defining the business model -- Executive summary -- A long, hard road ahead -- Findings -- Anxiety beneath the confidence -- Tough medicine -- An emerging opportunity -- Venturing overseas -- Conclusion -- Business models - the challenges -- Expert opinion on what to do next -- Seize the moment -- Put business models on the board agenda
520 ## - SUMMARY, ETC.
Summary, etc. Most property and construction companies need to review, and possibly renew, their business models. This report reviews issues around the resilience and robustness of business models in the sector over the past 18 months and how they may fare in the future. The analysis in this study is based on a survey of 60 senior executives of property and construction companies.
590 ## - LOCAL NOTE (RLIN)
Local note KA
651 #4 - SUBJECT ADDED ENTRY--GEOGRAPHIC NAME
Geographic name United Kingdom
Chronological subdivision
690 ## - LOCAL SUBJECT ADDED ENTRY--TOPICAL TERM (OCLC, RLIN)
Topical term or geographic name as entry element Business and management
690 ## - LOCAL SUBJECT ADDED ENTRY--TOPICAL TERM (OCLC, RLIN)
Topical term or geographic name as entry element Construction management
9 (RLIN) 6230
690 ## - LOCAL SUBJECT ADDED ENTRY--TOPICAL TERM (OCLC, RLIN)
Topical term or geographic name as entry element Property management
9 (RLIN) 6262
710 1# - ADDED ENTRY--CORPORATE NAME
Corporate name or jurisdiction name as entry element Economist Intelligence Unit
9 (RLIN) 72
856 48 - ELECTRONIC LOCATION AND ACCESS
Uniform Resource Identifier <a href="https://www.grant-thornton.co.uk/pdf/NBMPropertyReport.pdf">https://www.grant-thornton.co.uk/pdf/NBMPropertyReport.pdf</a>
Public note View the report free of charge at www.grant-thornton.co.uk
942 ## - ADDED ENTRY ELEMENTS (KOHA)
Suppress in OPAC 0
Holdings
Withdrawn status Lost status Source of classification or shelving scheme Damaged status Not for loan Home library Current library Shelving location Date acquired Total Checkouts Full call number Barcode Date last seen Copy number Price effective from Koha item type
    Dewey Decimal Classification     Virtual Virtual Online 01/02/2012   ONLINE PUBLICATION 154918-2001 06/08/2019 1 06/08/2019 Book